| 000 -ლიდერი |
| ფიქსირებული სიგრძის საკონტროლო ველი |
01101nam a2200205Ia 4500 |
| 001 - საკონტროლო ნომერი |
| საკონტროლო ველი |
22981 |
| 003 - საკონტროლო ნომრის იდენტიფიკატორი |
| საკონტროლო ველი |
GE_BSU |
| 005 - ბოლო ოპერაციის თარიღი და დრო |
| საკონტროლო ველი |
20210223150708.0 |
| 008 - ფიქსირებული სიგრძის მონაცემთა ელემენტები - ზოგადი ინფორმაცია |
| ფიქსირებული სიგრძის საკონტროლო ველი |
181216s1990||||ge |||||||||||||| ||geo|| |
| 040 ## - კატალოგიზაციის წყარო |
| Transcribing agency |
GE_BSU |
| 041 ## - ენის კოდი |
| Language code of text/sound track or separate title |
geo |
| 080 ## - უნივერსალური ათობითი კლასიფიკაციის ინდექსი |
| Universal Decimal Classification number |
821.353.1.09(075.8) უ-12 |
| 245 ## - ცნობა სათაურის შესახებ |
| Title |
უახლესი ქართული ლიტერატურის ისტორია : |
| Remainder of title |
ნაწ. 2 / |
| Statement of responsibility, etc |
[რ. მიშველაძის რედ.]. თბილ. სახელმწ. უნ-ტი, უახლესი ქართული ლიტ-რის კათედრა. |
| 264 ## - წარმოების, გამოცემის, დისტრიბუციის და სხვა ცნობები |
| გამოცემის, წარმოების, დისტრიბუციის... ადგილი |
თბილისი : |
| გამოცემის, წარმოების, დისტრიბუციის... სახელწოდება |
თბილ. უნ-ტის გამ-ბა, |
| გამოცემის, წარმოების, დისტრიბუციის... თარიღი |
1990. |
| 300 ## - ფიზიკური აღწერა |
| Extent |
456 გვ., |
| Other physical details |
22 სმ. |
| 653 ## - INDEX TERM--UNCONTROLLED |
| Uncontrolled term |
უახლესი ქართული ლიტერატურის ისტორია |
| 653 ## - INDEX TERM--UNCONTROLLED |
| Uncontrolled term |
სახელმძღვანელოები უმაღლესი სასწავლებლებისათვის |
| 700 ## - ADDED ENTRY--PERSONAL NAME |
| Personal name |
მიშველაძე, რ. |
| Relator term |
რედაქტორი |
| 9 (RLIN) |
10204 |
| 942 ## - ADDED ENTRY ELEMENTS (KOHA) |
| Koha item type |
წიგნი |
| Source of classification or shelving scheme |
|